Estatuto y Reglamento Interior / Patronato del Museo Cau Ferrat de Sitges (Fundación Santiago Rusiñol)
Descripción Física:
15 p. ; 16 cm
MARC
| LEADER | 00000nam a2200000Ia 4500 | ||
|---|---|---|---|
| 001 | 11354 | ||
| 003 | BGR | ||
| 005 | 20260410113708.0 | ||
| 008 | 160829s1953 xx 000 0 cat d | ||
| 080 | |a FU-3-15 | ||
| 100 | |a Patronat del Museu Cau Ferrat (Sitges) |9 31906 | ||
| 245 | |a Estatuto y Reglamento Interior / Patronato del Museo Cau Ferrat de Sitges (Fundación Santiago Rusiñol) | ||
| 260 | |a Barcelona : |b (Imp. Casa Prov. de Caridad), |c 1953 | ||
| 300 | |a 15 p. ; |c 16 cm | ||
| 650 | |a Patronat del Museu Cau Ferrat |x Estatuts |9 31907 | ||
| 650 | |a Patronat del Museu Cau Ferrat |x Reglaments i procediment |9 31908 | ||
| 710 | 2 | |a Fundació Santiago Rusiñol |9 70956 | |
| 710 | 2 | |a Museu Cau Ferrat (Sitges) |9 70957 | |
| 856 | 4 | |u https://media.diba.cat/diba/fitxers/arxiu/fulletons/bib_11354_baixa.pdf |y Accés lliure | |
| 856 | 4 | |u https://media.diba.cat/diba/fitxers/arxiu/fulletons/bib_11354_baixa.pdf |y Accés lliure | |
| 900 | |a bib_11354_baixa.pdf | ||
| 901 | |a Arxiu | ||
| 942 | |n 1 |2 udc |c MON | ||
| 952 | |0 0 |1 0 |4 0 |6 FU315 |7 1 |9 45800 |a Arxiu |b Arxiu |d 2016-12-01 |l 0 |o FU-3-15 |p 11354 |r 2016-12-01 00:00:00 |w 2016-12-01 |y ARXIU | ||
| 999 | |c 49300 |d 49300 | ||